000 00927nam a22002417a 4500
942 _cBK
999 _c563
_d563
005 20250420134816.0
008 200809b ||||| |||| 00| 0 eng d
020 _a9780521734769
040 _aKCST
_cKCST
082 _a428.2
_bMu Gr
100 _aMurphy, Raymond
_94737
245 _aGrammar in use. Intermediate :
_bself-study reference and practice for students of North American English : with answers /
_cRaymond Murphy; William R Smalzer
250 _a3rd edition
260 _aCambridge ; New York :
_bCambridge University Press,
_c2009.
300 _a369 p.
650 _aEnglish language
_vStudy and teaching
_vForeign speakers.
_94928
650 _aEnglish language
_vUnited States
_vTextbooks for foreign speakers.
_94929
650 _aEnglish language
_vUnited States
_vGrammar
_vProblems, exercises, etc.
_94930
655 _aTextbooks
_94759
700 _aSmalzer, William R
_94931
942 _2ddc